ARRUPE JESUIT UNIVERSITY

CORONAVIRUS -STOP THE SPREAD - CLEAN,DISINFECT,COVER

The Great Awakening: documents illustrating the crisis and its consequences, (Record no. 118245)

MARC details
000 -LEADER
fixed length control field 00909cam a22002651 4500
001 - CONTROL NUMBER
control field 2642420
003 - CONTROL NUMBER IDENTIFIER
control field ARRUPE
005 - DATE AND TIME OF LATEST TRANSACTION
control field 20131004115925.0
008 - FIXED-LENGTH DATA ELEMENTS--GENERAL INFORMATION
fixed length control field 731212s1967 inu b 000 0 eng
010 ## - LIBRARY OF CONGRESS CONTROL NUMBER
LC control number 66023537
040 ## - CATALOGING SOURCE
Original cataloging agency DLC
Transcribing agency DLC
Modifying agency DLC
043 ## - GEOGRAPHIC AREA CODE
Geographic area code n-us---
050 00 - LIBRARY OF CONGRESS CALL NUMBER
Classification number BR520
Item number .H39
300 ## - PHYSICAL DESCRIPTION
Dimensions 21 cm.
100 1# - MAIN ENTRY--PERSONAL NAME
Personal name Heimert, Alan,
Relator term comp.
9 (RLIN) 2099
245 14 - TITLE STATEMENT
Title The Great Awakening: documents illustrating the crisis and its consequences,
Statement of responsibility, etc edited by Alan Heimert and Perry Miller.
260 ## - PUBLICATION, DISTRIBUTION, ETC. (IMPRINT)
Place of publication, distribution, etc Indianapolis,
Name of publisher, distributor, etc Bobbs-Merrill
Date of publication, distribution, etc [1967]
300 ## - PHYSICAL DESCRIPTION
Extent lxx, 663 p.
490 0# - SERIES STATEMENT
Series statement The American heritage series, 34
504 ## - BIBLIOGRAPHY, ETC. NOTE
Bibliography, etc Bibliography: p. lxiii-lxv.
650 #0 - SUBJECT ADDED ENTRY--TOPICAL TERM
Topical term or geographic name as entry element Great Awakening.
9 (RLIN) 2100
651 #0 - SUBJECT ADDED ENTRY--GEOGRAPHIC NAME
Geographic name United States
General subdivision Church history
Chronological subdivision To 1775
General subdivision Sources.
9 (RLIN) 2101
700 1# - ADDED ENTRY--PERSONAL NAME
Personal name Miller, Perry,
Dates associated with a name 1905-1963
Relator term joint comp.
9 (RLIN) 2102
906 ## - LOCAL DATA ELEMENT F, LDF (RLIN)
a 7
b cbc
c orignew
d u
e ocip
f 19
g y-gencatlg
942 ## - ADDED ENTRY ELEMENTS (KOHA)
Source of classification or shelving scheme Library of Congress Classification
Koha item type Monograph ( Printed materials)
Holdings
Withdrawn status Lost status Source of classification or shelving scheme Damaged status Not for loan Home library Current library Shelving location Date acquired Total Checkouts Full call number Barcode Date last seen Price effective from Koha item type
    Library of Congress Classification     ARRUPE LIBRARY ARRUPE LIBRARY Main Collection 04/10/2013   BR520 .H39 46410746 15/11/2016 04/10/2013 Monograph ( Printed materials)

 

Arrupe Library. PO Box MP320 Mt Pleasant, Harare, Zimbabwe
263 242 745411|librarian@aju.ac.zw